| 000 | 00354nam a2200157Ia 4500 | ||
|---|---|---|---|
| 001 | 18586 | ||
| 003 | IN-NITTTR | ||
| 005 | 20251114233216.0 | ||
| 008 | 251113s9999||||xx |||||||||||||| ||eng|| | ||
| 040 | _beng | ||
| 040 | _cIN-NITTTR | ||
| 041 | _aeng | ||
| 082 | _a032 C692 | ||
| 245 | 0 | _aCollins cobuild English language dictionary / | |
| 942 |
_2ddc _cBK |
||
| 999 |
_c21220 _d21220 |
||